Políticas para el desarrollo universitario: principios y evidencias.

Saved in:
Bibliographic Details
Main Author: Lavados Montes, Hugo (autor)
Other Authors: Berríos Arroyo, Ramón (autor), Armanet, Pilar (prólogo)
Format: Book
Published: Santiago, Chile: Universidad San Sebastián Ediciones, 2016.
Subjects:
Tags: Add Tag
No Tags, Be the first to tag this record!

MARC

LEADER 00000nam a22000007a 4500
003 CL-VaPUC
005 20230308090820.0
008 230123t2016 ||||| |||| 00| 0 eng d
999 |c 439934  |d 439932 
020 |a 978-956-7439-41-6 
040 |c Pontificia Universidad Católica de Valparaíso 
082 0 4 |2 22  |a 378.1010983 LAV 2016 
100 1 |a Lavados Montes, Hugo  |e autor  |9 880077 
245 1 0 |a Políticas para el desarrollo universitario: principios y evidencias. 
260 |a Santiago, Chile:   |b Universidad San Sebastián Ediciones,   |c 2016. 
300 |a 401 páginas. 
583 |c 20230123  |k Catalogador Asistente 
650 1 |a Universidades chilenas  |x Acreditación  |9 880137 
650 1 |a Universidades chilenas  |x Aspectos sociológicos  |9 880138 
650 1 |a Universidades chilenas  |x Historia  |y Siglo 21  |9 880139 
650 1 |a Educación superior  |z Chile  |x Aspectos económicos  |9 880140 
700 |a Berríos Arroyo, Ramón  |e autor  |9 880078 
700 |a Armanet, Pilar  |e prólogo  |9 880079 
942 |2 ddc  |c BK 
952 |0 0  |1 0  |2 ddc  |4 0  |6 378_101098300000000_LAV_2016  |7 0  |8 A  |9 588680  |a BIBEDU  |b BIBEDU  |c GEN  |d 2023-01-23  |e Donación  |i 5656455  |o 378.1010983 LAV 2016  |p 5656455  |r 2023-01-23  |t 1  |w 2023-01-23  |y BK  |k EDU